[Event "AUTO-OPEN-4488"]
[Site "http://www.queenalice.com/game.php?id=1835753"]
[Date "2024.4.27"]
[Round "2"]
[White "Kapablanca"]
[Black "johndyson2"]
[Result "0-1"]
[WhiteElo "2249"]
[BlackElo "2485"]

1. d4 Nf6 2. c4 e6 3. Nc3 Bb4 4. Nf3 O-O 5. e3 Bxc3+ 6. bxc3 d6 7. Bd3 e5 8. e4
Re8 9. O-O exd4 10. cxd4 Nxe4 11. Bxe4 Rxe4 12. Be3 Bg4 13. h3 Bh5 14. g4 Bg6
15. Qb3 b6 16. d5 Na6 17. Rad1 h5 18. Nd2 Re8 19. f3 Qh4 20. Kg2 f5 21. Bf2 Re2
22. Qd3 Rae8 23. Kg1 Qxh3 0-1

[Event "AUTO-OPEN-4496"]
[Site "http://www.queenalice.com/game.php?id=1835759"]
[Date "2024.4.27"]
[Round "3"]
[White "johndyson2"]
[Black "RaulSoft2"]
[Result "0-1"]
[WhiteElo "2503"]
[BlackElo "2420"]

1. e4 e5 2. Nf3 Nc6 3. Bb5 Nf6 4. d3 Bc5 5. Bxc6 dxc6 6. Nbd2 Nd7 7. Nc4 f6 8.
O-O Nb6 9. Nfxe5 fxe5 10. Qh5+ Kf8 11. Be3 Be7 12. f4 g6 13. Qf3 Kg7 14. Nxe5
Nd7 15. Ng4 h5 16. Nf2 Kg8 17. Bd2 Bf6 18. Rae1 Rh7 19. Kh1 a5 20. f5 Ne5 21.
Qg3 c5 22. Nh3 h4 23. Qf2 gxf5 24. exf5 Bd7 0-1

[Event "AUTO-OPEN-4496"]
[Site "http://www.queenalice.com/game.php?id=1835760"]
[Date "2024.4.27"]
[Round "3"]
[White "RaulSoft2"]
[Black "johndyson2"]
[Result "1-0"]
[WhiteElo "2430"]
[BlackElo "2493"]

1. d4 Nf6 2. c4 e6 3. Nf3 d5 4. g3 Bb4+ 5. Bd2 Be7 6. Bg2 c6 7. Qc2 b6 8. O-O
O-O 9. Rd1 Nbd7 10. Bf4 Bb7 11. Nc3 dxc4 12. Nd2 Nd5 13. Nxc4 Nxf4 14. gxf4 Qc7
15. e3 Rfd8 16. a3 Nf6 17. b4 Nd5 18. Ne5 f6 19. Nd3 Kh8 20. Rac1 Qd7 21. Ne2
Bf8 22. Qb3 a5 23. e4 Nc7 24. bxa5 1-0

[Event "AUTO-OPEN-4478"]
[Site "http://www.queenalice.com/game.php?id=1837255"]
[Date "2024.5.22"]
[Round "3"]
[White "Capixabba789"]
[Black "johndyson2"]
[Result "0-1"]
[WhiteElo "1912"]
[BlackElo "2501"]

1. d4 d5 2. Nc3 Nf6 3. e4 dxe4 4. f3 exf3 5. Qxf3 Qxd4 6. Be3 Qg4 7. Qf2 Qf5 8.
Nf3 Ng4 9. Qe2 Nxe3 10. Qxe3 e6 11. Bd3 Qc5 12. Qe2 Nc6 13. O-O-O g6 14. Kb1 Bg7
15. Bc4 b5 16. Ne4 Qxc4 17. Qe1 O-O 0-1

[Event "AUTO-OPEN-4478"]
[Site "http://www.queenalice.com/game.php?id=1837256"]
[Date "2024.5.22"]
[Round "3"]
[White "johndyson2"]
[Black "Capixabba789"]
[Result "1-0"]
[WhiteElo "2502"]
[BlackElo "1826"]

1. e4 e5 2. Nf3 d6 3. d4 exd4 4. Nxd4 Nf6 5. Nc3 Be7 6. g3 O-O 7. Bg2 Nbd7 8.
Nf5 Ne5 9. Nxe7+ Qxe7 10. O-O Be6 11. h3 Rad8 12. f4 Nc6 13. Re1 a6 14. Nd5 Qd7
15. Nxf6+ gxf6 16. Qh5 f5 17. Qg5+ Kh8 18. exf5 Bxf5 19. Bxc6 bxc6 20. Re7 Qc8
21. Be3 1-0

[Event "AUTO-OPEN-4477"]
[Site "http://www.queenalice.com/game.php?id=1837883"]
[Date "2024.6.2"]
[Round "3"]
[White "CCapivara"]
[Black "johndyson2"]
[Result "0-1"]
[WhiteElo "2231"]
[BlackElo "2491"]

1. e4 c6 2. d4 d5 3. exd5 cxd5 4. Nf3 Nc6 5. Bd3 Bg4 6. c3 Qc7 7. O-O e6 8. Re1
Bd6 9. h3 Bh5 10. Be3 Nge7 11. Nbd2 Rc8 12. Qa4 O-O 13. a3 a6 14. Qc2 h6 15. g4
Bg6 16. Bxg6 Nxg6 17. Qd3 f5 18. gxf5 Rxf5 19. Kg2 Qf7 20. Rg1 e5 21. dxe5 Ncxe5
22. Nxe5 Nxe5 23. Qe2 Re8 24. Rae1 Ng6 25. Qd3 Rxf2+ 26. Kh1 Rh2# 0-1

[Event "AUTO-OPEN-4477"]
[Site "http://www.queenalice.com/game.php?id=1837884"]
[Date "2024.6.2"]
[Round "3"]
[White "johndyson2"]
[Black "CCapivara"]
[Result "1-0"]
[WhiteElo "2488"]
[BlackElo "2219"]

1. e4 d6 2. d4 Nf6 3. Nc3 c6 4. f4 Qa5 5. Bd3 e5 6. Nf3 Bg4 7. Be3 Nbd7 8. O-O
Be7 9. h3 Bxf3 10. Qxf3 O-O 11. Ne2 Kh8 12. c3 Rg8 13. a4 exf4 14. Bxf4 g5 15.
b4 Qd8 16. Bh2 g4 17. hxg4 Nxg4 18. Qh3 Bg5 19. e5 Be3+ 20. Kh1 Rg7 21. Ng3 dxe5
22. Nf5 Rg6 23. Nxe3 1-0

[Event "AUTO-OPEN-4477"]
[Site "http://www.queenalice.com/game.php?id=1837887"]
[Date "2024.6.2"]
[Round "3"]
[White "johndyson2"]
[Black "delphicoracle"]
[Result "1-0"]
[WhiteElo "2527"]
[BlackElo "2581"]

1. e4 e5 2. Nf3 Nc6 3. Bb5 a6 4. Ba4 Nf6 5. d3 d6 6. c3 g6 7. O-O Bg7 8. Re1 O-O
9. Nbd2 Re8 10. h3 b5 11. Bc2 Bd7 12. d4 Nh5 13. Nf1 Qc8 14. Be3 Na5 15. b3 c5
16. d5 Rf8 17. Ng3 Nxg3 18. fxg3 Qc7 19. Qe2 f5 20. exf5 gxf5 21. Ng5 e4 22. Qh5
h6 23. Ne6 Bxe6 24. dxe6 d5 25. Rad1 Qxg3 26. e7 Rf7 27. Bxh6 Rxe7 28. Rf1 Bxh6
29. Qxh6 Rg7 30. Qe6+ Kh8 31. Rf2 Qxh3 32. Rxd5 Qxc3 33. Rdd2 Qe3 34. Re2 Qd4
35. Qxf5 Qa1+ 36. Rf1 Qd4+ 37. Ref2 Re7 38. g3 Kg8 39. Qg4+ Qg7 40. Qh4 Rae8 41.
Rf4 Qd4+ 42. Kg2 Nc6 43. Qh6 Qg7 44. Qxc6 1-0

[Event "AUTO-OPEN-4477"]
[Site "http://www.queenalice.com/game.php?id=1837888"]
[Date "2024.6.2"]
[Round "3"]
[White "delphicoracle"]
[Black "johndyson2"]
[Result "1-0"]
[WhiteElo "2590"]
[BlackElo "2528"]

1. e4 c6 2. d4 d5 3. exd5 cxd5 4. Nf3 Nc6 5. Bb5 Qa5+ 6. Nc3 Bg4 7. h3 Bxf3 8.
Qxf3 e6 9. O-O Nf6 10. a3 Rc8 11. Be3 Bd6 12. Bd3 O-O 13. Ne2 Rfe8 14. Rad1 Qb6
15. Rb1 Bc7 16. Rfe1 e5 17. dxe5 Nxe5 18. Qf5 Qd6 19. Bf4 Qb6 20. Be3 Qd6 21.
Bf4 Qb6 22. Be3 Qd6 23. Bb5 g6 24. Qg5 Re6 25. Ng3 a6 26. Be2 Rce8 27. Nf5 Qd7
28. Nd4 Ne4 29. Qh6 Qd6 30. Qf4 g5 31. Qh2 f5 32. f4 Ng6 33. Nxe6 Rxe6 34. g3
gxf4 35. gxf4 Qc6 36. Bf3 d4 37. Bxd4 Nh4 38. Bxe4 fxe4 39. Kf1 Nf3 40. Qf2 Rg6
41. Be3 Bd8 42. Qe2 Qc8 43. f5 Qxf5 44. Qc4+ Kg7 45. Qc5 1-0

[Event "AUTO-OPEN-4481"]
[Site "http://www.queenalice.com/game.php?id=1838254"]
[Date "2024.6.7"]
[Round "3"]
[White "johndyson2"]
[Black "Esvir"]
[Result "1-0"]
[WhiteElo "2504"]
[BlackElo "2062"]

1. e4 e5 2. Nf3 d6 3. d4 exd4 4. Nxd4 c5 5. Nb3 Nc6 6. Nc3 Nf6 7. Be3 Be7 8. Qe2
O-O 9. O-O-O a6 10. Nxc5 b6 11. Nd3 Na5 12. Nb4 Bb7 13. e5 Nd7 14. exd6 Bg5 15.
Nbd5 Nc5 16. b4 Bxe3+ 17. Qxe3 Re8 18. Ne7+ Kf8 19. bxa5 1-0

[Event "AUTO-OPEN-4481"]
[Site "http://www.queenalice.com/game.php?id=1838255"]
[Date "2024.6.7"]
[Round "3"]
[White "Esvir"]
[Black "johndyson2"]
[Result "0-1"]
[WhiteElo "2076"]
[BlackElo "2507"]

1. e4 c6 2. Nc3 d5 3. d4 dxe4 4. Nxe4 Nf6 5. Nxf6+ exf6 6. Nf3 Bd6 7. c4 O-O 8.
Be2 Be6 9. O-O Nd7 10. a3 a6 11. b4 Re8 12. c5 Bc7 13. Be3 Nf8 14. a4 Bd5 15.
Ra3 Ne6 16. g3 f5 17. Qd2 f4 18. gxf4 Qf6 19. Ne5 Bxe5 20. f3 Bxf4 21. Rf2 Bxe3
22. Rxe3 Nxd4 23. Bd1 Qg5+ 24. Kf1 Rxe3 0-1

[Event "AUTO-OPEN-4491"]
[Site "http://www.queenalice.com/game.php?id=1838619"]
[Date "2024.6.15"]
[Round "2"]
[White "game"]
[Black "johndyson2"]
[Result "0-1"]
[WhiteElo "1534"]
[BlackElo "2502"]

1. e4 c6 2. Nf3 d5 3. d3 dxe4 4. Ne5 Qa5+ 5. Nc3 Qxe5 6. dxe4 Nf6 7. Bc4 Nbd7 8.
Be3 Nxe4 9. f4 Nxc3 10. fxe5 Nxd1 11. Rxd1 Nxe5 12. b3 Nxc4 13. Ke2 Bg4+ 14. Kd3
Nb2+ 15. Kd2 O-O-O+ 16. Kc1 Nxd1 17. h3 e5 18. Bg5 Ba3+ 19. Kb1 Nc3+ 20. Ka1
Rd1+ 21. Rxd1 Bxd1 0-1

[Event "AUTO-OPEN-4491"]
[Site "http://www.queenalice.com/game.php?id=1838625"]
[Date "2024.6.15"]
[Round "2"]
[White "johndyson2"]
[Black "Mateuzao_99"]
[Result "1-0"]
[WhiteElo "2503"]
[BlackElo "2032"]

1. e4 e5 2. Nf3 Nc6 3. Bb5 Nf6 4. d3 d6 5. c3 g6 6. O-O Bg7 7. Re1 O-O 8. h3 h6
9. d4 Nd7 10. Bxc6 bxc6 11. dxe5 dxe5 12. Qa4 Bb7 13. Qa5 1-0

[Event "AUTO-OPEN-4491"]
[Site "http://www.queenalice.com/game.php?id=1838626"]
[Date "2024.6.15"]
[Round "2"]
[White "Mateuzao_99"]
[Black "johndyson2"]
[Result "0-1"]
[WhiteElo "2028"]
[BlackElo "2505"]

1. e4 c6 2. d4 d5 3. Nd2 dxe4 4. Nxe4 Nf6 5. Bd3 Qxd4 6. Nf3 Qd5 7. Nc3 Qh5 8.
O-O Bg4 9. Be2 Nbd7 10. h3 Bxf3 11. Bxf3 Qa5 12. Bd2 Ne5 13. Be2 e6 14. Nb5 Qd8
15. Nc3 Qc7 16. Qe1 Bd6 17. Rd1 O-O 18. Bf4 a6 19. Kh1 Rad8 0-1

[Event "AUTO-OPEN-4485"]
[Site "http://www.queenalice.com/game.php?id=1846379"]
[Date "2024.10.28"]
[Round "2"]
[White "johndyson2"]
[Black "bmax"]
[Result "0-1"]
[WhiteElo "2482"]
[BlackElo "2282"]

1. e4 c6 2. d4 d5 3. exd5 cxd5 4. Bd3 Nc6 5. c3 Nf6 6. h3 e5 7. dxe5 Nxe5 8. Nf3
Nxd3+ 9. Qxd3 Bd6 10. O-O O-O 0-1

[Event "AUTO-OPEN-4485"]
[Site "http://www.queenalice.com/game.php?id=1846380"]
[Date "2024.10.28"]
[Round "2"]
[White "bmax"]
[Black "johndyson2"]
[Result "1-0"]
[WhiteElo "2300"]
[BlackElo "2470"]

1. d4 d5 2. Bf4 Nf6 3. Nf3 e6 4. e3 Bd6 5. Bg3 O-O 6. c4 c5 7. Nc3 cxd4 8. Nxd4
Bb4 9. Qc2 Nc6 10. Nxc6 bxc6 11. Bd3 1-0

[Event "AUTO-OPEN-4487"]
[Site "http://www.queenalice.com/game.php?id=1846533"]
[Date "2024.11.2"]
[Round "3"]
[White "johndyson2"]
[Black "delphicoracle"]
[Result "0-1"]
[WhiteElo "2536"]
[BlackElo "2580"]

1. e4 c6 2. d4 d5 3. exd5 cxd5 4. Bd3 g6 5. Nf3 Nc6 6. c3 Bg7 7. O-O Nh6 8. Re1
O-O 9. h3 Bf5 10. Bf1 f6 0-1